Countries Larger than Texas - Statistics

General Stats
  • This quiz has been taken 915 times
  • The average score is 24 of 38
Answer Stats
Region Country Sq Km % Correct
N. America Canada 9,976,140
97%
Europe Russia 17,075,200
97%
S. America Brazil 8,511,965
95%
Asia China 9,596,960
94%
Oceania Australia 7,686,850
91%
N. America United States 9,629,091
89%
Asia India 3,287,590
88%
S. America Argentina 2,766,890
87%
N. America Mexico 1,972,550
83%
Africa South Africa 1,219,090
73%
Asia Mongolia 1,565,000
72%
Africa Algeria 2,381,740
70%
Africa Egypt 1,001,450
69%
Africa Sudan 1,861,484
67%
Africa Democratic Republic of the Congo 2,345,410
65%
S. America Chile 756,100
64%
S. America Peru 1,285,220
64%
Africa Niger 1,267,000
63%
Asia Saudi Arabia 1,960,582
62%
Asia Iran 1,648,000
61%
Africa Libya 1,759,540
61%
S. America Colombia 1,138,910
60%
Asia Kazakhstan 2,717,300
60%
Africa Chad 1,284,000
59%
Asia Indonesia 1,919,440
58%
Asia Pakistan 803,940
57%
Africa Nigeria 923,768
53%
S. America Venezuela 912,050
52%
S. America Bolivia 1,098,580
51%
Africa Mali 1,240,000
51%
Africa Ethiopia 1,127,127
48%
Africa Angola 1,246,700
43%
Asia Turkey 780,580
43%
Africa Namibia 824,292
39%
Africa Mauritania 1,030,700
37%
Africa Tanzania 945,087
35%
Africa Mozambique 801,590
33%
Africa Zambia 752,618
26%
No matching quizzes found
Score Distribution
Percent of People with Each Score
Percentile by Number Answered
Your Score History
You have not taken this quiz